000 00511nam a2200205Ia 4500
008 180207s9999 xx 000 0 und d
020 _a9781416978251
050 _bD249 2009
100 _aDavid, Erica
245 _aExtreme rescue :
245 _bdolphin mission /
245 _cby David Erica ; art by Warner McGee.
260 _aNew York :
260 _bSimon Spotlight,
260 _c2009
300 _aunpaged :
300 _bcolor illustration ;
300 _c20cm.
440 _aGo Diego go!
999 _c355747
_d355747